| 000 | 00527nam a2200181 a 4500 | ||
|---|---|---|---|
| 005 | 20240614063712.0 | ||
| 008 | 991125s1949 tor 000 0 eng u | ||
| 035 | _aUPN01000041019 | ||
| 049 | _aCG | ||
| 050 | 4 | _aPE1121 D5.5 | |
| 100 | 1 | _aDiltz, B. C. | |
| 245 | 1 | 0 |
_aNew models and projects for creative writing : _bpart III / _cby B. C. Diltz |
| 260 |
_aToronto (Can.) : _bC. Irwin, _c1949 |
||
| 300 | _aix, 226 p., [8] h. de lám | ||
| 650 | 4 |
_aInglés _xEstudio y enseñanza _918 |
|
| 904 |
_aAC _b041021 |
||
| 905 | _aLibro | ||
| 999 |
_c41019 _d41019 |
||